00422nam a2200157Ia 4500003000400000008004100004040001600045082001600061100001700077245007200094260003900166300001000205650001200215650001500227650002200242GCL140319s9999 xx 000 0 eng d aGCL / cGCL04a657.42bD C1 aDRURY, COLIN10aCOSTING: AN INTRODUCTION, STUDENTS MANUAL, 3RD ED. / cDRURY, COLIN a[S.N] : bCHAPMAN & HALL ، c1994 a181 P04aFINANCE04aACCOUNTING04aDECISION - MAKING